| Tag |
First Indicator |
Second Indicator |
Subfields |
| LEADER |
00000nam a2200000Ia 4500 |
| 001 |
in00004292012 |
| 005 |
20200810081033.0 |
| 006 |
m g d |
| 007 |
cr bn |||a|bb| |
| 008 |
851121s1670 enk o 00| | eng d |
| 035 |
|
|
|a (OCoLC)12827201
|
| 040 |
|
|
|a EAA
|c EAA
|d m/c
|d WaOLN
|
| 037 |
|
|
|a CL0037000021
|b ProQuest Information and Learning. 300 N. Zeeb Rd., Ann Arbor, MI 48106
|
| 049 |
|
|
|a UMIA
|
| 100 |
1 |
|
|a Patrick, Simon,
|d 1626-1707.
|
| 245 |
1 |
0 |
|a Aqua genitalis :
|b a discourse concerning baptism : first delivered in a sermon at Alhallows Lumbard-street, Octob. 4, 1658 and now a little inlarged : into which is since inserted, a brief discourse to perswade to a confirmation of the baptismal-vow /
|c by Symon Patrick.
|
| 260 |
|
|
|a London :
|b Printed by T.R. and T.D. for Francis Tyton ...,
|c 1670.
|
| 300 |
|
|
|a 1 online resource ([20], 104, [3] pages)
|
| 336 |
|
|
|a text
|b txt
|2 rdacontent
|
| 337 |
|
|
|a computer
|b c
|2 rdamedia
|
| 338 |
|
|
|a online resource
|b cr
|2 rdacarrier
|
| 500 |
|
|
|a Advertisement: pages [1]-[3] at end.
|
| 500 |
|
|
|a Reproduction of original in the University of Illinois (Urbana-Champaign Campus). Library.
|
| 510 |
4 |
|
|a Wing
|c P749
|
| 533 |
|
|
|a Electronic reproduction.
|b Ann Arbor, Mich. :
|c UMI,
|d 1999-
|f (Early English books online)
|n Digital version of: (Early English books, 1641-1700 ; 725:39)
|7 s1999 miun s
|
| 650 |
|
0 |
|a Baptism.
|
| 650 |
|
0 |
|a Sermons, English
|y 17th century.
|
| 740 |
0 |
|
|a Discourse concerning baptism.
|
| 830 |
|
0 |
|a Early English books online.
|
| 856 |
4 |
0 |
|u http://proxy.library.tamu.edu/login?url=https://search.proquest.com/docview/2240961424
|z Connect to the full text of this electronic book
|t 0
|
| 999 |
f |
f |
|s 416fccd3-8c26-383a-9f18-b3dc769a5ef3
|i 2a1865a7-e01d-3bc1-9906-cdaf847f9b03
|t 0
|
| 952 |
f |
f |
|a Texas A&M University
|b College Station
|c Electronic Resources
|d Available Online
|t 0
|h No information provided
|
| 998 |
f |
f |
|t 0
|l Available Online
|